[Event "Iranian Men Championship Final 1399"]
[Site "Tehran"]
[Date "2021.04.10"]
[Round "10"]
[Board "5"]
[White "Daghli, Arash"]
[Black "Jahedi, Mani"]
[Result "0-1"]
[WhiteElo "2431"]
[BlackElo "2201"]
[PlyCount "0"]
[EventDate "2021.04.05"]
[EventRounds "15"]
[EventCountry "IRI"]

1. d4 {[%clk 1:30:59]} Nf6 {[%clk 1:30:13]} 2. c4 {[%clk 1:31:18]} e6
{[%clk 1:30:38]} 3. Nc3 {[%clk 1:31:39]} Bb4 {[%clk 1:31:01]} 4. e3
{[%clk 1:31:57]} O-O {[%clk 1:31:24]} 5. Bd2 {[%clk 1:32:13]} Re8
{[%clk 1:31:40]} 6. a3 {[%clk 1:31:49]} Bf8 {[%clk 1:32:05]} 7. Bd3
{[%clk 1:31:26]} d6 {[%clk 1:32:19]} 8. Nge2 {[%clk 1:30:48]} e5 {[%clk 1:32:31]}
9. d5 {[%clk 1:29:44]} g6 {[%clk 1:27:54]} 10. e4 {[%clk 1:28:57]} Bg7
{[%clk 1:27:39]} 11. O-O {[%clk 1:29:18]} Nbd7 {[%clk 1:25:47]} 12. b4
{[%clk 1:29:15]} Nh5 {[%clk 1:25:12]} 13. Rc1 {[%clk 1:28:10]} a6
{[%clk 1:06:35]} 14. Be3 {[%clk 1:28:01]} Qe7 {[%clk 1:05:43]} 15. c5
{[%clk 1:24:50]} b6 {[%clk 0:56:02]} 16. cxd6 {[%clk 1:21:13]} cxd6
{[%clk 0:52:37]} 17. Qd2 {[%clk 1:21:27]} Rf8 {[%clk 0:49:59]} 18. g4
{[%clk 0:55:58]} f5 {[%clk 0:28:39]} 19. exf5 {[%clk 0:49:41]} e4
{[%clk 0:17:23]} 20. Bxe4 {[%clk 0:48:48]} gxf5 {[%clk 0:15:59]} 21. gxh5
{[%clk 0:26:54]} fxe4 {[%clk 0:16:13]} 22. Kh1 {[%clk 0:27:04]} Ne5
{[%clk 0:14:32]} 23. Nd4 {[%clk 0:21:15]} Bg4 {[%clk 0:04:55]} 24. Rg1
{[%clk 0:19:22]} Qh4 {[%clk 0:03:59]} 25. Rg3 {[%clk 0:16:16]} Qxh5
{[%clk 0:02:23]} 26. Rcg1 {[%clk 0:11:57]} Nf3 {[%clk 0:02:30]} 27. Nxf3
{[%clk 0:09:37]} Bxf3+ 28. R1g2 {[%clk 0:09:54]} Rf7 {[%clk 0:01:51]} 29. Kg1
{[%clk 0:05:22]} Bxg2 {[%clk 0:01:49]} 30. Kxg2 {[%clk 0:05:51]} Qf5
{[%clk 0:01:17]} 31. Bxb6 {[%clk 0:02:18]} Kh8 {[%clk 0:01:33]} 32. Bd4
{[%clk 0:01:06]} Re8 {[%clk 0:01:14]} 33. a4 {[%clk 0:00:38]} Be5
{[%clk 0:00:37]} 34. b5 {[%clk 0:00:52]} axb5 {[%clk 0:01:01]} 35. axb5
{[%clk 0:01:21]} Rg8 {[%clk 0:00:42]} 36. b6 {[%clk 0:01:09]} Qf3+
{[%clk 0:00:33]} 37. Kg1 {[%clk 0:01:38]} Qd3 {[%clk 0:00:34]} 38. Bxe5+
{[%clk 0:01:40]} dxe5 {[%clk 0:01:00]} 39. Qe1 {[%clk 0:00:55]} Rb7
{[%clk 0:00:45]} 40. Nxe4 {[%clk 0:01:08]} Rxb6 {[%clk 0:00:42]} 41. Nc3
{[%clk 0:00:33]} e4 {[%clk 0:00:33]} 42. Qa1 {[%clk 0:00:31]} Qd4
{[%clk 0:00:33]} 43. Qa5 {[%clk 0:00:32]} Rbg6 {[%clk 0:00:33]} 44. Qc7
{[%clk 0:00:38]} R6g7 {[%clk 0:00:45]} 45. Qc6 {[%clk 0:00:32]} Rxg3+
{[%clk 0:01:04]} 46. hxg3 {[%clk 0:01:01]} Rxg3+ {[%clk 0:01:24]} 47. Kh1
{[%clk 0:00:32]} Rxc3 {[%clk 0:01:01]} 48. Qe8+ {[%clk 0:00:57]} Kg7
{[%clk 0:01:24]} 49. Qe7+ {[%clk 0:00:38]} Kg6 {[%clk 0:01:40]} 50. Qe8+
{[%clk 0:01:05]} Kh6 {[%clk 0:00:49]} 51. Qe6+ {[%clk 0:01:09]} Kg5
{[%clk 0:01:07]} 52. Qg8+ {[%clk 0:01:06]} Kf4 {[%clk 0:01:12]} 53. Qf7+
{[%clk 0:01:19]} Kg4 {[%clk 0:01:18]} 54. Kg2 {[%clk 0:01:36]} Rf3
{[%clk 0:00:43]} 55. Qg8+ {[%clk 0:01:30]} Kf4 {[%clk 0:00:53]} 56. Qf7+
{[%clk 0:01:13]} Kg5 {[%clk 0:01:09]} 57. Qg8+ {[%clk 0:01:33]} Kh6
{[%clk 0:01:18]}  0-1

[Event "Iranian Men Championship Final 1399"]
[Site "Tehran"]
[Date "2021.04.10"]
[Round "10"]
[Board "6"]
[White "Ghaem Maghami, Ehsan"]
[Black "Gholami Orimi, Mahdi"]
[Result "1-0"]
[WhiteElo "2561"]
[BlackElo "2428"]
[PlyCount "0"]
[EventDate "2021.04.05"]
[EventRounds "15"]
[EventCountry "IRI"]

1. Nf3 {[%clk 1:25:06]} Nf6 {[%clk 1:30:48]} 2. c4 {[%clk 1:24:36]} g6
{[%clk 1:29:45]} 3. Nc3 {[%clk 1:23:55]} d5 {[%clk 1:30:05]} 4. cxd5
{[%clk 1:15:19]} Nxd5 {[%clk 1:29:44]} 5. Qc2 {[%clk 1:14:06]} Bg7
{[%clk 1:28:41]} 6. e4 {[%clk 1:14:29]} Nxc3 {[%clk 1:25:55]} 7. dxc3
{[%clk 1:14:24]} e5 {[%clk 1:20:22]} 8. Be3 {[%clk 1:08:15]} Qe7 {[%clk 1:16:11]}
9. Bc4 {[%clk 1:07:23]} Nd7 {[%clk 1:05:15]} 10. b4 {[%clk 1:04:43]} Nb6
{[%clk 0:58:48]} 11. Bb3 {[%clk 1:00:34]} Be6 {[%clk 0:55:19]} 12. O-O
{[%clk 0:57:12]} Nd7 {[%clk 0:53:53]} 13. Rfd1 {[%clk 0:56:58]} O-O
{[%clk 0:52:43]} 14. Bxe6 {[%clk 0:54:25]} Qxe6 {[%clk 0:51:58]} 15. Qb3
{[%clk 0:54:45]} Qxb3 {[%clk 0:41:53]} 16. axb3 {[%clk 0:54:26]} Nf6
{[%clk 0:42:14]} 17. Nd2 {[%clk 0:49:40]} Rfd8 {[%clk 0:42:12]} 18. h3
{[%clk 0:30:34]} Rd3 {[%clk 0:41:01]} 19. Rdc1 {[%clk 0:27:35]} Rad8
{[%clk 0:39:52]} 20. Rc2 {[%clk 0:26:41]} a6 {[%clk 0:39:18]} 21. g4
{[%clk 0:26:40]} Ne8 {[%clk 0:26:09]} 22. Nc4 {[%clk 0:23:33]} f5
{[%clk 0:19:01]} 23. gxf5 {[%clk 0:18:57]} gxf5 {[%clk 0:19:29]} 24. exf5
{[%clk 0:19:08]} e4 {[%clk 0:13:32]} 25. Rac1 {[%clk 0:18:17]} R8d7
{[%clk 0:12:36]} 26. Kf1 {[%clk 0:16:23]} Rf7 {[%clk 0:11:13]} 27. Ke2
{[%clk 0:16:21]} Rxf5 {[%clk 0:10:58]} 28. Nd2 {[%clk 0:15:22]} Nd6
{[%clk 0:10:55]} 29. Rg1 {[%clk 0:15:25]} Rdd5 {[%clk 0:08:02]} 30. c4
{[%clk 0:11:02]} Rde5 {[%clk 0:08:16]} 31. Bd4 {[%clk 0:10:02]} Re7
{[%clk 0:08:21]} 32. Rc3 {[%clk 0:10:04]} Kf8 {[%clk 0:07:41]} 33. Bxg7+
{[%clk 0:10:02]} Rxg7 {[%clk 0:08:09]} 34. Rxg7 {[%clk 0:10:17]} Kxg7
{[%clk 0:08:38]} 35. Rg3+ {[%clk 0:10:33]} Kf6 {[%clk 0:05:44]} 36. c5
{[%clk 0:09:43]} Nb5 {[%clk 0:06:13]} 37. Nxe4+ {[%clk 0:08:36]} Ke5
{[%clk 0:06:42]} 38. Kd3 {[%clk 0:07:25]} Kf4 {[%clk 0:04:16]} 39. Nc3
{[%clk 0:03:55]} Nxc3 {[%clk 0:03:26]} 40. Kxc3 {[%clk 0:04:23]} Ke5
{[%clk 0:02:03]} 41. Rg7 {[%clk 0:01:21]} Rf3+ {[%clk 0:02:22]} 42. Kb2
{[%clk 0:01:41]} Rxf2+ {[%clk 0:02:32]} 43. Ka3 {[%clk 0:02:06]} Kd4
{[%clk 0:02:05]} 44. Rxc7 {[%clk 0:01:03]} Kc3 {[%clk 0:01:48]} 45. c6
{[%clk 0:01:26]} b5 {[%clk 0:01:11]} 46. Rg7 {[%clk 0:01:08]} Rf1
{[%clk 0:01:28]} 47. Rg3+ {[%clk 0:01:26]} Kc2 {[%clk 0:00:37]} 48. Ka2
{[%clk 0:01:01]} Kd2 {[%clk 0:00:32]} 49. Kb2 {[%clk 0:00:53]} Rf7
{[%clk 0:00:44]} 50. Rc3 {[%clk 0:00:44]} Rc7 {[%clk 0:01:11]} 51. Rc5
{[%clk 0:01:06]} Kd3 {[%clk 0:00:49]} 52. Kc1 {[%clk 0:00:41]} h6
{[%clk 0:00:44]} 53. h4 {[%clk 0:00:56]} h5 {[%clk 0:00:39]} 54. Kb2
{[%clk 0:00:45]} Kd4 {[%clk 0:00:41]} 55. Kc2 {[%clk 0:00:41]} Ke3
{[%clk 0:00:41]} 56. Kc3 {[%clk 0:00:44]} Ke4 {[%clk 0:01:09]} 57. Kd2
{[%clk 0:00:40]} Kd4 {[%clk 0:01:33]} 58. Rc3 {[%clk 0:00:37]} Ke4
{[%clk 0:00:59]} 59. Rc1 {[%clk 0:01:00]} Kd4 {[%clk 0:01:18]} 60. Rc5
{[%clk 0:01:26]} Ke4 {[%clk 0:01:34]} 61. Kc3 {[%clk 0:01:53]} Rc8
{[%clk 0:00:39]} 62. c7 {[%clk 0:02:14]} Ke3 {[%clk 0:00:56]} 63. Re5+
{[%clk 0:02:37]} Kf4 {[%clk 0:01:18]} 64. Re7 {[%clk 0:02:53]} Kf5
{[%clk 0:00:48]} 65. Kd4 {[%clk 0:03:16]} Kf6 {[%clk 0:01:16]} 66. Rh7
{[%clk 0:03:36]}  1-0

[Event "Iranian Men Championship Final 1399"]
[Site "Tehran"]
[Date "2021.04.10"]
[Round "10"]
[Board "7"]
[White "Veisi, Bardia"]
[Black "Mousavi, Seyed Khalil"]
[Result "0-1"]
[WhiteElo "2273"]
[BlackElo "2522"]
[PlyCount "0"]
[EventDate "2021.04.05"]
[EventRounds "15"]
[EventCountry "IRI"]

1. d4 {[%clk 1:26:11]} e6 {[%clk 1:30:51]} 2. c4 {[%clk 1:25:30]} b6
{[%clk 1:31:04]} 3. Nf3 {[%clk 1:17:06]} Bb7 {[%clk 1:30:36]} 4. g3
{[%clk 1:16:18]} Bb4+ {[%clk 1:30:39]} 5. Bd2 {[%clk 1:16:32]} Bxf3
{[%clk 1:30:33]} 6. exf3 {[%clk 1:16:53]} Bxd2+ {[%clk 1:30:46]} 7. Qxd2
{[%clk 1:17:13]} Nf6 {[%clk 1:29:04]} 8. Nc3 {[%clk 1:16:40]} d5 {[%clk 1:28:23]}
9. cxd5 {[%clk 1:16:27]} Nxd5 {[%clk 1:28:04]} 10. Bg2 {[%clk 1:16:48]} c6
{[%clk 1:23:18]} 11. f4 {[%clk 1:16:16]} O-O {[%clk 1:21:55]} 12. O-O
{[%clk 1:16:17]} a5 {[%clk 1:11:00]} 13. Rac1 {[%clk 1:15:05]} a4
{[%clk 1:09:31]} 14. a3 {[%clk 1:11:58]} g6 {[%clk 1:01:47]} 15. Qc2
{[%clk 1:05:54]} b5 {[%clk 0:59:14]} 16. Rfd1 {[%clk 1:02:36]} Nd7
{[%clk 0:54:39]} 17. Ne4 {[%clk 1:00:55]} Ne7 {[%clk 0:47:53]} 18. Ng5
{[%clk 0:56:16]} Qb6 {[%clk 0:40:27]} 19. Qe2 {[%clk 0:50:30]} Rad8
{[%clk 0:36:19]} 20. Rd2 {[%clk 0:42:13]} Nf5 {[%clk 0:26:40]} 21. Nf3
{[%clk 0:40:39]} Nb8 {[%clk 0:23:57]} 22. Rdc2 {[%clk 0:37:45]} Rd6
{[%clk 0:22:42]} 23. Qe5 {[%clk 0:24:59]} Rfd8 {[%clk 0:17:10]} 24. Qc5
{[%clk 0:23:00]} Qa6 {[%clk 0:17:23]} 25. Qc3 {[%clk 0:22:18]} Nxd4
{[%clk 0:15:53]} 26. Nxd4 {[%clk 0:22:08]} Rxd4 {[%clk 0:16:22]} 27. Qe1
{[%clk 0:21:33]} R8d6 {[%clk 0:14:41]} 28. h4 Qb6 {[%clk 0:09:07]} 29. h5
{[%clk 0:19:00]} Qd8 {[%clk 0:07:55]} 30. Bf3 {[%clk 0:17:54]} g5
{[%clk 0:06:40]} 31. fxg5 {[%clk 0:16:05]} Qxg5 {[%clk 0:07:04]} 32. Rc5
{[%clk 0:15:16]} Qd2 {[%clk 0:05:34]} 33. Qe5 {[%clk 0:14:41]} Nd7
{[%clk 0:02:45]} 34. Qg5+ {[%clk 0:14:41]} Qxg5 {[%clk 0:03:13]} 35. Rxg5+
{[%clk 0:14:54]} Kf8 {[%clk 0:03:39]} 36. Bxc6 {[%clk 0:13:06]} f5
{[%clk 0:03:10]} 37. Bxb5 {[%clk 0:10:52]} Ne5 {[%clk 0:03:05]} 38. Kg2
{[%clk 0:09:50]} Nf7 {[%clk 0:03:26]} 39. f4 {[%clk 0:09:55]} Nxg5
{[%clk 0:03:24]} 40. fxg5 {[%clk 0:10:17]} Rb6 {[%clk 0:03:38]} 41. Rc5
{[%clk 0:05:22]} Ke7 {[%clk 0:03:57]} 42. g6 hxg6 {[%clk 0:04:07]} 43. h6
{[%clk 0:05:35]} Rd8 {[%clk 0:03:52]} 44. Bxa4 {[%clk 0:05:47]} Rxb2+
{[%clk 0:04:09]} 45. Kf3 {[%clk 0:05:36]} Rd3+ {[%clk 0:04:24]} 46. Kf4
{[%clk 0:05:58]} Kf6 {[%clk 0:04:49]} 47. g4 {[%clk 0:06:17]} g5#
{[%clk 0:05:13]} 48. Ke5+ Kxe5  0-1

[Event "Iranian Men Championship Final 1399"]
[Site "Tehran"]
[Date "2021.04.10"]
[Round "10"]
[Board "8"]
[White "Maghsoodloo, Parham"]
[Black "Nikookar, Mahdi"]
[Result "1-0"]
[WhiteElo "2676"]
[BlackElo "2239"]
[PlyCount "0"]
[EventDate "2021.04.05"]
[EventRounds "15"]
[EventCountry "IRI"]

1. d4 {[%clk 1:27:51]} f5 {[%clk 1:30:26]} 2. Bg5 {[%clk 1:28:16]} h6
{[%clk 1:30:22]} 3. Bh4 {[%clk 1:26:24]} g5 {[%clk 1:30:12]} 4. Bg3
{[%clk 1:26:48]} Nf6 {[%clk 1:29:49]} 5. h4 {[%clk 1:27:00]} Bg7 {[%clk 1:30:08]}
6. hxg5 {[%clk 1:26:57]} hxg5 {[%clk 1:30:29]} 7. Rxh8+ {[%clk 1:27:25]} Bxh8
{[%clk 1:30:47]} 8. Nc3 {[%clk 1:27:48]} d6 {[%clk 1:23:48]} 9. e3
{[%clk 1:28:12]} Nbd7 {[%clk 1:22:49]} 10. Nf3 {[%clk 1:20:44]} g4
{[%clk 1:21:31]} 11. Nh4 {[%clk 1:21:00]} Nf8 {[%clk 1:16:52]} 12. Bd3
{[%clk 1:20:55]} e6 {[%clk 1:17:16]} 13. d5 {[%clk 1:21:21]} Nh5 {[%clk 1:17:25]}
14. dxe6 {[%clk 1:21:10]} Nxg3 {[%clk 1:17:06]} 15. fxg3 {[%clk 1:21:34]} Bxc3+
{[%clk 1:14:39]} 16. bxc3 {[%clk 1:21:59]} Qf6 {[%clk 1:15:04]} 17. Rb1
{[%clk 1:17:58]} Nxe6 {[%clk 1:10:35]} 18. Bxf5 {[%clk 1:17:40]} Qxc3+
{[%clk 1:09:50]} 19. Kf2 {[%clk 1:00:45]} Nc5 {[%clk 1:08:02]} 20. Qxg4
{[%clk 1:00:30]} Qxc2+ {[%clk 1:06:02]} 21. Kf3 {[%clk 1:00:51]} Bxf5
{[%clk 1:05:10]} 22. Nxf5 {[%clk 1:01:19]} Qxa2 {[%clk 1:03:14]} 23. Ng7+
{[%clk 0:56:55]} Kd8 {[%clk 0:50:57]} 24. Rd1 {[%clk 0:42:07]} b5
{[%clk 0:34:17]} 25. Qh5 {[%clk 0:31:49]} Ke7 {[%clk 0:16:31]} 26. Qg5+
{[%clk 0:31:04]} Kd7 {[%clk 0:15:41]} 27. Qxc5 {[%clk 0:30:19]} Rf8+
{[%clk 0:16:08]} 28. Nf5 {[%clk 0:30:32]} Ke6 {[%clk 0:16:37]} 29. Rxd6+
{[%clk 0:28:53]} cxd6 {[%clk 0:17:01]} 30. Qxd6+ {[%clk 0:29:21]} Kxf5
{[%clk 0:17:24]} 31. Qxf8+ {[%clk 0:29:46]} Kg6 {[%clk 0:17:47]} 32. Qd6+
{[%clk 0:30:08]} Kg7 {[%clk 0:17:19]} 33. Qe5+ {[%clk 0:30:15]} Kg8
{[%clk 0:17:27]} 34. g4 {[%clk 0:23:09]} a5 {[%clk 0:15:57]} 35. g5
{[%clk 0:19:02]} a4 {[%clk 0:15:57]} 36. g6 {[%clk 0:19:27]} Qb1 {[%clk 0:13:13]}
37. e4 {[%clk 0:15:35]} Qf1+ {[%clk 0:12:30]} 38. Kg3 {[%clk 0:15:57]} Qe1+
{[%clk 0:12:41]} 39. Kg4 {[%clk 0:15:48]} Qe2+ {[%clk 0:12:42]} 40. Kh4
{[%clk 0:15:24]} Qf2+ {[%clk 0:11:00]} 41. Kh5 {[%clk 0:15:23]} a3
{[%clk 0:09:14]} 42. Qd5+ {[%clk 0:14:59]}  1-0

[Event "Iranian Men Championship Final 1399"]
[Site "Tehran"]
[Date "2021.04.11"]
[Round "11"]
[Board "1"]
[White "Nikookar, Mahdi"]
[Black "Hakemi, Arman"]
[Result "0-1"]
[WhiteElo "2239"]
[BlackElo "2316"]
[PlyCount "0"]
[EventDate "2021.04.05"]
[EventRounds "15"]
[EventCountry "IRI"]

1. d4 {[%clk 1:30:24]} Nf6 {[%clk 1:30:54]} 2. c4 {[%clk 1:30:44]} e6
{[%clk 1:31:19]} 3. Nf3 {[%clk 1:31:09]} b6 {[%clk 1:31:19]} 4. g3
{[%clk 1:31:23]} Bb7 {[%clk 1:30:27]} 5. Bg2 {[%clk 1:31:32]} Bb4+
{[%clk 1:29:32]} 6. Nbd2 {[%clk 1:30:31]} O-O {[%clk 1:29:14]} 7. O-O
{[%clk 1:30:13]} Bxd2 {[%clk 1:26:56]} 8. Qxd2 {[%clk 1:24:54]} d6
{[%clk 1:27:13]} 9. b4 {[%clk 1:24:24]} a5 {[%clk 1:27:08]} 10. b5
{[%clk 1:24:43]} Nbd7 {[%clk 1:27:14]} 11. Bb2 {[%clk 1:24:32]} Qe7
{[%clk 1:27:38]} 12. Rac1 {[%clk 1:23:26]} Rad8 {[%clk 1:27:04]} 13. Qc2
{[%clk 1:22:41]} Ba8 {[%clk 1:24:31]} 14. a4 {[%clk 1:08:29]} e5 {[%clk 1:13:45]}
15. e3 {[%clk 1:03:53]} Rfe8 {[%clk 1:06:08]} 16. Ba3 {[%clk 0:47:12]} Ne4
{[%clk 0:57:32]} 17. Nd2 {[%clk 0:38:50]} Nxd2 {[%clk 0:54:08]} 18. Qxd2
{[%clk 0:39:11]} Bxg2 {[%clk 0:54:25]} 19. Kxg2 {[%clk 0:35:12]} Qg5
{[%clk 0:48:42]} 20. Rfd1 {[%clk 0:30:42]} Nf6 {[%clk 0:36:45]} 21. f3 e4
{[%clk 0:30:52]} 22. f4 {[%clk 0:30:54]} Qh5 {[%clk 0:31:20]} 23. h3
{[%clk 0:31:05]} Qf3+ {[%clk 0:31:25]} 24. Kh2 {[%clk 0:31:27]} Re6  0-1

[Event "Iranian Men Championship Final 1399"]
[Site "Tehran"]
[Date "2021.04.11"]
[Round "11"]
[Board "2"]
[White "Mousavi, Seyed Khalil"]
[Black "Maghsoodloo, Parham"]
[Result "0-1"]
[WhiteElo "2522"]
[BlackElo "2676"]
[PlyCount "0"]
[EventDate "2021.04.05"]
[EventRounds "15"]
[EventCountry "IRI"]

1. d4 {[%clk 1:30:06]} Nf6 {[%clk 1:27:06]} 2. Nc3 {[%clk 1:30:28]} d5
{[%clk 1:21:55]} 3. Bg5 {[%clk 1:30:53]} Nbd7 {[%clk 1:19:15]} 4. Nf3
{[%clk 1:30:45]} h6 {[%clk 1:16:02]} 5. Bf4 {[%clk 1:25:36]} a6 {[%clk 1:15:39]}
6. Qd3 {[%clk 1:22:09]} e6 {[%clk 1:12:46]} 7. e4 {[%clk 1:19:37]} dxe4
{[%clk 1:04:37]} 8. Nxe4 {[%clk 1:19:51]} Nxe4 {[%clk 1:04:54]} 9. Qxe4
{[%clk 1:20:15]} Nf6 {[%clk 1:05:15]} 10. Qd3 {[%clk 1:19:58]} b5
{[%clk 1:04:17]} 11. a4 {[%clk 1:13:57]} b4 {[%clk 1:02:53]} 12. Be2
{[%clk 1:08:27]} Bb7 {[%clk 1:02:21]} 13. O-O {[%clk 1:07:11]} Bd6
{[%clk 1:00:42]} 14. Ne5 {[%clk 1:05:53]} O-O {[%clk 0:59:56]} 15. Qh3
{[%clk 0:55:32]} Be4 {[%clk 0:55:19]} 16. Bf3 {[%clk 0:43:51]} Bxf3
{[%clk 0:54:52]} 17. Qxf3 {[%clk 0:44:10]} Nd5 {[%clk 0:54:31]} 18. Bg3
{[%clk 0:43:35]} c5 {[%clk 0:47:38]} 19. dxc5 {[%clk 0:40:01]} Bxc5
{[%clk 0:46:29]} 20. a5 {[%clk 0:37:08]} Bd4 {[%clk 0:35:26]} 21. Qb3
{[%clk 0:36:47]} Rc8 {[%clk 0:31:57]} 22. Rfe1 {[%clk 0:26:28]} Bxe5
{[%clk 0:28:45]} 23. Bxe5 {[%clk 0:26:48]} Rc6 {[%clk 0:28:56]} 24. Qd3
{[%clk 0:16:18]} Qc8 {[%clk 0:25:26]} 25. Rac1 {[%clk 0:15:41]} Rd8
{[%clk 0:24:28]} 26. h3 {[%clk 0:14:35]} Rd7 {[%clk 0:19:24]} 27. Kh2
{[%clk 0:12:03]} f6 {[%clk 0:15:48]} 28. Bg3 {[%clk 0:12:02]} Nc3
{[%clk 0:15:56]} 29. Qg6 {[%clk 0:11:09]} Nb5 {[%clk 0:16:20]} 30. Re4
{[%clk 0:08:14]} Rd4 {[%clk 0:08:04]} 31. Rce1 {[%clk 0:03:56]} e5
{[%clk 0:07:55]} 32. Rxd4 {[%clk 0:04:03]} Nxd4 {[%clk 0:08:20]} 33. c3
{[%clk 0:04:10]} bxc3 {[%clk 0:08:01]} 34. bxc3 {[%clk 0:04:36]} Rxc3
{[%clk 0:08:04]} 35. Rb1 {[%clk 0:03:44]} Rc6 {[%clk 0:03:12]} 36. Qe4
{[%clk 0:03:18]} Nb5 {[%clk 0:03:24]} 37. Rb4 {[%clk 0:03:11]} Rc5
{[%clk 0:02:47]} 38. Qg6 {[%clk 0:02:58]} Rc4 {[%clk 0:03:11]} 39. Rb3
{[%clk 0:02:43]} Rc6 {[%clk 0:03:25]} 40. Rd3 {[%clk 0:01:51]} Nd4
{[%clk 0:02:38]} 41. Qe4 {[%clk 0:01:31]} Rc4 {[%clk 0:01:58]} 42. Qd5+
{[%clk 0:01:31]} Kh7 {[%clk 0:02:02]} 43. Bh4 {[%clk 0:00:41]} Rc5
{[%clk 0:01:22]} 44. Qf7 {[%clk 0:00:36]} Rc7 {[%clk 0:01:29]} 45. Qd5
{[%clk 0:00:50]} Rc5 {[%clk 0:00:49]} 46. Qe4+ {[%clk 0:01:05]} Qf5
{[%clk 0:01:10]} 47. Qe3 {[%clk 0:01:09]} Rxa5 {[%clk 0:01:26]} 48. Bg3
{[%clk 0:01:07]} Ra2 {[%clk 0:01:22]} 49. Rd1 {[%clk 0:01:15]} a5
{[%clk 0:01:20]} 50. Rc1 {[%clk 0:01:28]} Rc2 {[%clk 0:01:20]} 51. Ra1
{[%clk 0:01:45]} Rc5 {[%clk 0:01:44]} 52. Qa3 {[%clk 0:01:30]} Qc2
{[%clk 0:01:48]} 53. Ra2 {[%clk 0:00:36]} Qc4 {[%clk 0:02:17]} 54. Rb2
{[%clk 0:00:54]} Rb5 {[%clk 0:02:21]} 55. Rd2 {[%clk 0:01:23]} Rb1
{[%clk 0:01:52]} 56. f4 {[%clk 0:01:31]} exf4 {[%clk 0:00:52]} 57. Bxf4
{[%clk 0:01:45]} Rb3 {[%clk 0:00:54]} 58. Qd6 {[%clk 0:01:09]} Nb5
{[%clk 0:00:37]} 59. Qb8 {[%clk 0:01:32]} Nc3  0-1

[Event "Iranian Men Championship Final 1399"]
[Site "Tehran"]
[Date "2021.04.11"]
[Round "11"]
[Board "3"]
[White "Gholami Orimi, Mahdi"]
[Black "Veisi, Bardia"]
[Result "1-0"]
[WhiteElo "2428"]
[BlackElo "2273"]
[PlyCount "0"]
[EventDate "2021.04.05"]
[EventRounds "15"]
[EventCountry "IRI"]

1. d4 {[%clk 1:30:51]} d5 {[%clk 1:27:04]} 2. c4 {[%clk 1:30:28]} c6
{[%clk 1:27:04]} 3. Nc3 {[%clk 1:30:17]} Nf6 {[%clk 1:27:25]} 4. Nf3
{[%clk 1:29:44]} e6 {[%clk 1:27:47]} 5. e3 {[%clk 1:30:00]} Nbd7 {[%clk 1:27:56]}
6. a3 {[%clk 1:28:10]} Bd6 {[%clk 1:25:03]} 7. Bd2 {[%clk 1:17:23]} O-O
{[%clk 1:23:54]} 8. Qc2 {[%clk 1:16:19]} Qe7 {[%clk 1:08:44]} 9. h3
{[%clk 1:02:03]} dxc4 {[%clk 1:04:16]} 10. Bxc4 {[%clk 1:01:48]} b5
{[%clk 1:04:22]} 11. Bd3 {[%clk 0:59:52]} Bb7 {[%clk 1:04:02]} 12. Rb1
{[%clk 0:43:30]} a6 {[%clk 0:59:30]} 13. b4 {[%clk 0:41:41]} a5 {[%clk 0:57:07]}
14. O-O {[%clk 0:38:13]} axb4 {[%clk 0:56:55]} 15. axb4 {[%clk 0:38:41]} Rfc8
{[%clk 0:52:58]} 16. Qb3 {[%clk 0:34:07]} Ra6 {[%clk 0:47:42]} 17. Ng5
{[%clk 0:25:12]} Rca8 {[%clk 0:40:19]} 18. Nge4 {[%clk 0:25:12]} e5
{[%clk 0:39:45]} 19. Rfe1 {[%clk 0:23:56]} Qf8 {[%clk 0:31:38]} 20. Qb2
{[%clk 0:16:10]} exd4 {[%clk 0:23:38]} 21. exd4 {[%clk 0:16:19]} Nxe4
{[%clk 0:23:33]} 22. Bxe4 {[%clk 0:10:24]} Nf6 {[%clk 0:16:53]} 23. Bf3
{[%clk 0:10:25]} Qc8 {[%clk 0:14:15]} 24. Bg5 {[%clk 0:08:04]} Qf5
{[%clk 0:12:27]} 25. Bxf6 {[%clk 0:07:56]} Qxf6 {[%clk 0:12:10]} 26. Ne4
{[%clk 0:06:32]} Qf4 {[%clk 0:12:18]} 27. Nxd6 {[%clk 0:06:45]} Qxd6
{[%clk 0:12:42]} 28. Re5 {[%clk 0:06:37]} Rd8 {[%clk 0:08:37]} 29. Rbe1
{[%clk 0:06:23]} Kf8 {[%clk 0:08:03]} 30. Qe2 {[%clk 0:06:12]} Raa8
{[%clk 0:08:18]} 31. Re7 {[%clk 0:05:13]} Rab8 {[%clk 0:08:15]} 32. Qe4
{[%clk 0:04:06]} g6 {[%clk 0:08:06]} 33. Qh4 {[%clk 0:02:53]} Kg7
{[%clk 0:04:59]} 34. d5 {[%clk 0:02:54]} cxd5 {[%clk 0:03:52]} 35. R1e6
{[%clk 0:03:13]} Qxe6 {[%clk 0:04:15]} 36. Rxe6 {[%clk 0:03:41]} fxe6
{[%clk 0:04:35]} 37. Qe7+ {[%clk 0:04:10]} Kg8 {[%clk 0:02:36]} 38. Bg4
{[%clk 0:03:38]} Rf8 {[%clk 0:01:59]} 39. Bxe6+ {[%clk 0:04:05]} Kh8
{[%clk 0:02:21]} 40. Bf7 {[%clk 0:04:16]}  1-0

[Event "Iranian Men Championship Final 1399"]
[Site "Tehran"]
[Date "2021.04.11"]
[Round "11"]
[Board "4"]
[White "Jahedi, Mani"]
[Black "Ghaem Maghami, Ehsan"]
[Result "0-1"]
[WhiteElo "2201"]
[BlackElo "2561"]
[PlyCount "0"]
[EventDate "2021.04.05"]
[EventRounds "15"]
[EventCountry "IRI"]

1. e4 {[%clk 1:28:24]} c5 {[%clk 1:29:15]} 2. Nf3 {[%clk 1:28:45]} Nc6
{[%clk 1:29:25]} 3. d4 {[%clk 1:28:34]} cxd4 {[%clk 1:28:40]} 4. Nxd4
{[%clk 1:28:54]} Nf6 {[%clk 1:28:50]} 5. Nc3 {[%clk 1:28:49]} d6 {[%clk 1:28:46]}
6. Bg5 {[%clk 1:24:54]} Bd7 {[%clk 1:22:14]} 7. Be2 {[%clk 1:21:33]} e6
{[%clk 1:21:00]} 8. Ndb5 {[%clk 1:14:18]} Qb8 {[%clk 1:20:41]} 9. a4
{[%clk 1:14:19]} a6 {[%clk 1:20:16]} 10. Na3 {[%clk 1:14:30]} Qc7
{[%clk 1:20:27]} 11. Qd2 {[%clk 1:13:34]} h6 {[%clk 0:59:45]} 12. Be3
{[%clk 1:11:57]} Nb4 {[%clk 0:58:55]} 13. Nc4 {[%clk 1:00:42]} d5
{[%clk 0:58:59]} 14. exd5 {[%clk 0:47:25]} exd5 {[%clk 0:49:19]} 15. Nb6
{[%clk 0:34:29]} Rd8 {[%clk 0:48:58]} 16. Nbxd5 {[%clk 0:15:06]} Nfxd5
{[%clk 0:29:29]} 17. Nxd5 {[%clk 0:15:22]} Nxd5 {[%clk 0:25:26]} 18. Qxd5
{[%clk 0:15:43]} Bc6 {[%clk 0:24:39]} 19. Qc4 {[%clk 0:15:11]} Qe5
{[%clk 0:23:50]} 20. Bf3 {[%clk 0:12:34]} Bxf3 {[%clk 0:21:09]} 21. gxf3
{[%clk 0:12:46]} Qxb2 {[%clk 0:12:57]} 22. O-O {[%clk 0:11:54]} Qb4
{[%clk 0:12:29]} 23. Qe2 {[%clk 0:08:56]} Be7 {[%clk 0:11:31]} 24. Rab1
{[%clk 0:06:57]} Qh4 {[%clk 0:11:49]} 25. Rxb7 {[%clk 0:05:53]} O-O
{[%clk 0:12:03]} 26. f4 {[%clk 0:06:08]} Rc8 {[%clk 0:11:22]} 27. Rd1
{[%clk 0:04:25]} Bc5 {[%clk 0:09:30]} 28. Rbd7 {[%clk 0:01:38]} Rfe8
{[%clk 0:07:29]} 29. R1d2 {[%clk 0:01:13]} Qh3 {[%clk 0:05:52]} 30. Qf1
{[%clk 0:00:35]} Rxe3 {[%clk 0:05:45]}  0-1